La jura en Santa Gadea
محفوظ في:
| المؤلف الرئيسي: | |
|---|---|
| التنسيق: | كتاب |
| اللغة: | الإسبانية |
| منشور في: |
Zaragoza
Ebro
1971
|
| سلاسل: | Clásicos Españoles
|
| الموضوعات: | |
| الوسوم: |
إضافة وسم
لا توجد وسوم, كن أول من يضع وسما على هذه التسجيلة!
|
MARC
| LEADER | 00000nam a2200000 a 4500 | ||
|---|---|---|---|
| 001 | UCQ5482 | ||
| 003 | CL-VaPUC | ||
| 008 | 981002e19710000SP |||||||||||||||||spa|d | ||
| 082 | 0 | 4 | |a 862 |b HAR |2 21 |
| 100 | |a Hartzenbusch, Juan Eugenio |e author |9 419586 | ||
| 245 | 1 | 3 | |a La jura en Santa Gadea |
| 300 | |a 108 p | ||
| 942 | |c BK | ||
| 945 | |d 19981002 00:00:00 |a crobeson | ||
| 260 | |a Zaragoza |b Ebro |c 1971 | ||
| 650 | 0 | |a Dramas españoles |9 267081 | |
| 650 | 0 | |a Literatura española |9 306261 | |
| 583 | |a last modification |c 19981002 00:00:00 |k Rodrigo Vera | ||
| 490 | 0 | |a Clásicos Españoles | |
| 999 | |c 275692 |d 275690 | ||
| 952 | |0 0 |1 0 |4 0 |6 862_000000000000000_HAR_1971 |7 0 |8 A |9 312498 |a BIBEDU |b BIBEDU |d 2019-11-20 |i 1472690 |o 862 HAR 1971 |p 1472690 |r 2019-11-20 |w 2019-11-20 |y BK |k LIT | ||